|
|
|
|
| LEADER |
00000nam0a2200000 4500 |
| 001 |
129788 |
| 005 |
20231031133714.0 |
| 035 |
|
|
|a (RuTPU)RU\TPU\book\140498
|
| 090 |
|
|
|a 129788
|
| 100 |
|
|
|a 20080128d1950 m y0rusy50 ca
|
| 101 |
0 |
|
|a rus
|
| 102 |
|
|
|a RU
|
| 105 |
|
|
|a a z 001zy
|
| 200 |
1 |
|
|a Инженерно-геологические изыскания
|e руководство для планировки и застройки городов
|f под ред. В. А. Приклонского
|
| 210 |
|
|
|a Москва
|c Изд-во архитектуры и градостроительства
|d 1950
|
| 215 |
|
|
|a 262 с.
|c карты
|
| 610 |
1 |
|
|a инженерно-геологические изыскания
|
| 610 |
1 |
|
|a города
|
| 610 |
1 |
|
|a планировка
|
| 610 |
1 |
|
|a застройка
|
| 610 |
1 |
|
|a объем
|
| 610 |
1 |
|
|a методические указания
|
| 610 |
1 |
|
|a гражданское строительство
|
| 610 |
1 |
|
|a наблюдения
|
| 675 |
|
|
|a 624.131.3
|v 3
|
| 702 |
|
1 |
|a Приклонский
|b В. А.
|4 340
|
| 801 |
|
1 |
|a RU
|b 63413507
|c 20080128
|g PSBO
|
| 801 |
|
2 |
|a RU
|b 63413507
|c 20091020
|g PSBO
|
| 900 |
|
|
|a Инженерно-геологические изыскания
|
| 900 |
|
|
|a Инженерно-геологические изыскания для линейного строительства
|
| 942 |
|
|
|c BK
|